000 00369cam a2200169ua 4500
001 294
008 120107n II |||gr||||Z||||||eng
040 _aMAIN
041 _aEnglish
082 _a320 LAS
100 _aLASKI, HAROLD.
245 _aINTRODUCTION TO POLITICS
260 _a[s.l]:
_bXXX
300 _a000.:
_c20CM.
653 _aPolitical science
942 _cBK
999 _c294
_d294